000 00330nam a2200133Ia 4500
008 220204s9999 xx 000 0 und d
082 _a632.9
_bAPP
100 _aApple, Lawrence J
245 0 _aIntegrated pest management
260 _aNew York
_bPlenum
_c1976
650 _aPest management
700 _aSmith, Ray
942 _cBK
999 _c26741
_d26741